00664 2200241 4500001002100000005001700021008004100038020001800079035002400097041000800121043001200129082001200141090002300153100002400176245006000200250001100260260003200271300002400303440003100327650002800358850001200386999002400398YOGYA-0209000005607220090227033639.0 ind  a979-21-0605-7 0010-020900000056072 aIng aYOPDYOG a808.831 aDEP 808.831bWid A aWIDARSO, Wisnubroto aA Floating hotel and other storiescWishnubroto Widarso aCet. 5 aYogyakarrtabKanisiusc2002 a40 hlmbilusc19 cm aUnique stories from abroad aCerita pendek, kumpulan aYOPDYOG a2002-464 h CB-D. 11